000 01716nac a22004451i 4500
003 EG-ScBUE
005 20241126155943.0
006 m||||fq||h 00| 0
008 150816t1994 njua f b 001 0 eng d
020 _a0134491661
020 _a9780134491660
040 _aEG-ScBUE
_beng
_erda
_cEG-ScBUE
_dEG-ScBUE
082 0 4 _a519.5
_bMCC
_222
100 1 _aMcClave, James T.,
_eauthor.
245 1 0 _aStatistics for business and economics /
_cJames T. McClave, info tech, Inc. University of Florida, P. George Benson, graduate school of management, Rutgers University.
250 _aSixth edition.
250 _aInternational edition.
264 1 _aUpper Saddle River, New Jersey :
_bMacmillan Publishing Company,
_c[1994]
264 4 _cc1994
300 _axxii, 1192 pages :
_billustrations ;
_c25 cm +
_e1 CD
336 _2rdacontent
_atext
_btxt
336 _2rdacontent
_asounds
_bsnd
337 _aunmediated
_2rdamedia
_bn
337 _aaudio
_2rdamedia
_bs
338 _avolume
_bnc
_2rdacarrier
338 _acomputer disc
_bcd
_2rdacarrier
500 _aSystem requirements for computer disk: IBM-compatible PC; 512K RAM; DOS 2.0 or higher; two floppy disk drives or floppy disk drive and hard disk.
500 _aAnswer to selected exercises : p. 11159- 1174.
500 _aIncludes appendix.
504 _aIncludes bibliographical references and index.
590 _aMenna ELemam
650 7 _aCommercial statistics.
_2BUEsh
650 7 _aEconomics
_xStatistical methods.
_2BUEsh
650 7 _aStatistics.
_2BUEsh
651 _2BUEsh
653 _bBUSECO
_cAugust2015
655 _vReading book
700 1 _aBenson, P. George,
_d1946-
_eauthor.
_937446
942 _cBB
_2ddc
999 _c4324
_d4324